000 01276nam a2200277Ia 4500
003 OSt
005 20200714151734.0
008 191128s2013 ck ad gr 000 0 spa d
020 _a9789587072402
040 _aCO-JMCR
_cCO-JMCR
041 0 _aspa
082 0 4 _a330.986 /
_bR173e
_223
100 1 _aRamírez Plazas, Jaime,
_eautor
_97216
245 1 0 _aEconomía colombiana :
_bmarco teórico /
_cJaime Ramírez Plazas
250 _aPrimera edición
260 _aBogotá :
_bLibrería ediciones del profesional,
_c2013.
300 _axxiv, 177 páginas :
_bgráficos a blanco y negro ;
_c23 cm.
504 _aBibliografía: páginas 173-177.
505 0 _aModelo marxista -- Modelo clásico o liberal -- Modelo socialdemócrata -- Modelo neoliberal -- Sector público -- Sector externo
520 0 _aEs un texto académico que sin perder la filosofía que ella encarna dentro de los diferentes modelos económicos, puede ser comprendido por las diferentes displinas académicas sin la profundidad y extensión a que están obligados a desarrollarlas.
650 1 4 _aEconomía
_xHistoria
_zColombia
_96949
650 2 4 _aCrédito
_xHistoria
_zColombia
_97217
650 2 4 _aMercado laboral
_xColombia
_97218
650 2 4 _aComercio exterior
_zColombia
_97219
942 _2ddc
_cBK
999 _c5439
_d5439